000 00524cam a2200193 4500
001 D5633
008 090401t1982 xxu||||| |||| 00| 0 eng d
035 _a(Sirsi) u61435
041 _aeng
050 _a692.50285
100 _aHoles, L.G
245 2 _aA general-purpose data processing system for estimating
260 _aAscot, Berks
_bThe Chartered Institute of Building
_c1982
300 _a11p. 30cm
350 _a0
490 _aTechnical Information Service
_pEstimating
_v9
942 _n0
948 _c04/03/1997
999 _c94313
_d94313